| 000 | 00825nam a2200181Ia 4500 | ||
|---|---|---|---|
| 008 | 100921s9999 xx 000 0 und d | ||
| 082 |
_b29162 _a369.254 0 |
||
| 100 | _aभिशीकर चं.प. | ||
| 245 | _aविराट संघस्वरूपाची प्रेरणा डॉ.हेडगेवार. | ||
| 260 |
_bभारतीय विचार साधना,पुणे. _c0 |
||
| 300 |
_a61 _b--- |
||
| 365 | _b5 | ||
| 520 | _aस.शा.-संघ,संघटना. | ||
| 630 | _aविराट संघस्वरूपाची प्रेरणा डॉ.हेडगेवार. | ||
| 650 | _aस.शा.-संघ,संघटना. | ||
| 730 | _aविराट संघस्वरूपाची प्रेरणा डॉ.हेडगेवार. | ||
| 942 | _cBOOK | ||
| 999 |
_c778275 _d778272 |
||